000 01290nam a2200301 c 4500
003 BLK
005 20200514134123.0
008 180408b bul|||||r ||||||| ||bul||
010 _aKNG00052336000
040 _aBLK
041 _aBUL
_cBUL
_hSPA
080 _aЛатино-американска литература
_b821.134.2(7/8)
_x-31
_z821.134.2(7/8)-31
100 1 _aВаргас Льоса, Марио
_eпърви автор
_9281807
700 1 _aЮлзари, Емилия
_eпрев. от исп.
_9282115
700 1 _aЮлзари, Емилия
_eс послесл. от
_9368326
139 _aВаргас Льоса, Марио
_bВ 22
245 1 0 _aЛеля Хулия и писачът
_bРоман
_cМарио Варгас Льоса; прев. от исп. Емилия Юлзари; с послесл. от Емилия Юлзари.
257 _aPER
260 Пловдив
_bХристо Г. Данов
_c1981
_fСофия : Д. Благоев
300 _a375 с.
_c20 см
380 _aX
500 _aОриг. загл. La tia Julia y el escribador.- В кн. означено 8
852 _aЦб 110995
856 4 _qpdf
_u
856 4 _qpdf
_u
942 _cKNG
_n0
_01
944 _aCR
_c02.09.2016
_kХристина_Везирева
944 _aED
_c02.09.2016
_kХристина_Везирева
999 _c48518
_d48518